Historický impuls

Podrobná bibliografia
Hlavný autor: Chaloupka, Otakar, 1935-2013 (Autor)
Médium: Článok
Jazyk:čeština

MARC

LEADER 00000nab a2200000uu 4500
001 vtls011507434
003 SK-MaSNL
005 20260303165324.0
008 211119|1975 xo |||||||||||||||||cze|
015 |a SNBRB 
035 |a (urnnbn)urn:nbn:sk:snk:ar-a0bvcv 
035 |a (uuid)e07ac6bc-9d44-4db2-b51c-fa8f49dfcc28 
035 |a urn:nbn:sk:snk-abe0dv 
040 |a SNKBUCL  |b slo  |c SNKBUCL  |e AACR2 
041 0 |a cze 
044 |a xo  |c SK 
100 1 |a Chaloupka, Otakar,  |d 1935-2013  |4 aut  |9 221856 
245 1 0 |a Historický impuls  |c Otakar Chaloupka 
773 0 |t Zlatý máj : kritická revue tvorby pro mládež  |g Roč. 19, č. 5 (1975), s. 310-313 
958 |a OND 
958 |a article20 
999 |c 2071099  |d 2073029